Efecto del genotipo sobre la productividad y composición química de la biomasa forrajera y grano en avena (Avena sativa L.) /

Guardado en:
Otros Autores: Martínez, Marcela Fernanda. (Disertante), Arelovich, Hugo M. (Orientador)
Formato: Manuscrito
Idioma:Spanish
Publicado: 2010.
Materias:
Acceso en línea:Texto completo
Etiquetas: Agregar Etiqueta
Sin Etiquetas, Sea el primero en etiquetar este registro!
LEADER 01126ntm a22002415a 4500
001 EEA.libagro009334
005 20160630085029.0
008 101110s2010####ag#a#####bm###000#0#spa#d
082 0 4 |a 040  |2 15 
100 1 |a Martínez, Marcela Fernanda.  |4 dis 
245 1 0 |a Efecto del genotipo sobre la productividad y composición química de la biomasa forrajera y grano en avena (Avena sativa L.) /  |c Marcela Fernanda Martínez ; director Hugo Mario Arelovich. 
260 |c 2010. 
300 |a xvi, 154, [9] h :  |b il. ;  |c 30 cm. 
500 |a "Doctor en Ciencias Agrarias". 
502 |a Tesis (doctoral)--Universidad Nacional del Sur. Departamento de Agronomía, 2010. 
504 |a Incluye referencias bibliográficas (p. 133-154). 
530 |a Disponible también en formato digital. 
650 7 |a Avena.  |2 unbist 
650 7 |a Granos gruesos.  |2 unbist 
700 1 |a Arelovich, Hugo M.  |q (Hugo Mario)  |4 ths 
710 2 |a Universidad Nacional del Sur.  |b Departamento de Agronomía.  |4 dgg. 
856 |u http://repositoriodigital.uns.edu.ar/handle/123456789/2104  |3 Texto completo 
859 |a AR-BbBCA  |b BIB. AGRONOMIA  |h 040  |i B148 2010-1038  |p 121847/010